Año de noches /
সংরক্ষণ করুন:
| প্রধান লেখক: | |
|---|---|
| বিন্যাস: | অজ্ঞাত |
| ভাষা: | Spanish |
| প্রকাশিত: |
Argentina :
[editor no identificado],
1944.
|
| বিষয়গুলি: | |
| ট্যাগগুলো: |
ট্যাগ যুক্ত করুন
কোনো ট্যাগ নেই, প্রথমজন হিসাবে ট্যাগ করুন!
|
MARC
| LEADER | 000000000a22000000004500 | ||
|---|---|---|---|
| 001 | 002980 | ||
| 041 | 0 | |a spa | |
| 082 | 0 | 4 | |a Ar863.4 |b K12a |
| 100 | 1 | |a Kahn, Máximo José | |
| 245 | 1 | 0 | |a Año de noches / |c Máximo José Kahn. |
| 260 | 1 | |a Argentina : |b [editor no identificado], |c 1944. | |
| 300 | |a 317 páginas | ||
| 650 | 4 | |a LITERATURA ARGENTINA | |
| 650 | 4 | |a NOVELA | |
| 999 | |c 9303 |d 9303 | ||
| 942 | |c BK |h Ar863.4 K12a |2 z | ||
